000
00287nam a2200109Ia 4500
008
220204s9999 xx 000 0 und d
082
_a
033
_b
PER
245
0
_a
Organization and retrieval of economic knowledge
260
_a
London
_b
Macmillan
_c
1977
700
_a
PERLMAN, Mark
942
_c
BK
999
_c
28209
_d
28209